000 00632cam a22002411 4500
001 sa 65004390
003 DLC
005 20260227112130.0
008 890721s1964 ii b 000 0 hino
010 _asa 65004390
035 _a(OCoLC)20052995
040 _aDLC
_cWaU
_dDLC
042 _apremarc
050 0 0 _aBL1212
_b.A3
100 1 _aAgrawala, Vasudeva Sharana.
245 1 0 _aPrācīna Bhāratīya lokadharma.
260 _c[1964]
300 _a16, 160 p.
_c22 cm.
440 0 _aJñānodaya granthamālā,
_v3
500 _aIn Hindi.
504 _aBibliographical footnotes.
650 0 _aFasts and feasts
_xHinduism.
999 _c63723
_d63723